Electrtical properties of polymers (Record no. 32063)

MARC details
000 -LEADER
fixed length control field 00297nam a2200109Ia 4500
082 ## - DEWEY DECIMAL CLASSIFICATION NUMBER
Classification number 678:537
Item number BLY;2
100 ## - MAIN ENTRY--AUTHOR NAME
Personal name Blythe, A R
245 #0 - TITLE STATEMENT
Title Electrtical properties of polymers
260 ## - PUBLICATION, DISTRIBUTION, ETC. (IMPRINT)
Place of publication Cambridge
Name of publisher Cambridge University Press
Year of publication 1979
942 ## - ADDED ENTRY ELEMENTS (KOHA)
Koha item type Books
Holdings
Withdrawn status Lost status Damaged status Not for loan Home library Current library Date acquired Cost, normal purchase price Full call number Accession Number Koha item type
        RRII Library RRII Library 16/12/2021 17.50 678:537 BLY;2 12589 Books